000 00649nam a2200205Ii 4500
003 JO-AjNU
008 230606s9999||||xx |||||||||||||| ||und||
020 _a0-7668-4140-5
040 _aJO-AjNU
_beng
_erda
_cJO-AjNU
041 _aeng
050 1 4 _aTX911.3.E4.Z46 2003
100 3 _aZhou, Zongqing ,
_eauthor
_9503
245 0 0 _aE-Cmmerce and information Technology in hospitality and Tourism
264 3 1 _aAustralia: Thomson
300 _a226p
336 _atext
_btxt
_2rdacontent
337 _aunmediated
_bn
_2rdamedia
338 _avolume
_bnc
_2rdacarrier
650 4 _aE-Cmmerce and information- Technology in hospitality and Tourism
_9504
999 _aE268
_c268
_d268